Modern Air weapon shooting/ (Record no. 190874)
[ view plain ]
| 000 -LEADER | |
|---|---|
| fixed length control field | 00902 a2200181 4500 |
| 003 - CONTROL NUMBER IDENTIFIER | |
| control field | Nust |
| 005 - DATE AND TIME OF LATEST TRANSACTION | |
| control field | 20230131105728.0 |
| 022 ## - INTERNATIONAL STANDARD SERIAL NUMBER | |
| International Standard Serial Number | 0715381237 |
| 040 ## - CATALOGING SOURCE | |
| Transcribing agency | Nust |
| 082 ## - DEWEY DECIMAL CLASSIFICATION NUMBER | |
| Classification number | 799.312,CHU |
| 100 ## - MAIN ENTRY--PERSONAL NAME | |
| Personal name | Churchill, Bob, |
| 9 (RLIN) | 45827 |
| 245 ## - TITLE STATEMENT | |
| Title | Modern Air weapon shooting/ |
| Statement of responsibility, etc. | Bob Churchill & Granville Davies |
| 260 ## - PUBLICATION, DISTRIBUTION, ETC. | |
| Place of publication, distribution, etc. | London |
| Name of publisher, distributor, etc. | Davud & Charles |
| Date of publication, distribution, etc. | 1981 |
| 300 ## - PHYSICAL DESCRIPTION | |
| Extent | 196 p |
| 505 ## - FORMATTED CONTENTS NOTE | |
| Formatted contents note | Part.1: by Granville Davies ,A Introduction to Air weapon Shooting (Page-9), Air weapons (Page-25), Ammunition and Accessories (Page-48), The Sport of Target Shooting (Page-73), Part.2: An Introduction to Target Shooting (Page-97), Target Rifle Shooting (page-100), Target Pistol Shooting (Page-136), Running Boar Target Shooting (Page-148), Physical and Metal Training (Page-155), Training programmers (Page-170), Competitions (Page-178). |
| 650 ## - SUBJECT ADDED ENTRY--TOPICAL TERM | |
| Topical term or geographic name entry element | Air guns Shooting |
| 9 (RLIN) | 74854 |
| 942 ## - ADDED ENTRY ELEMENTS (KOHA) | |
| Source of classification or shelving scheme | |
| Koha item type | Book |
| Call number prefix | 799.312,CHU |
| Withdrawn status | Lost status | Source of classification or shelving scheme | Damaged status | Not for loan | Permanent Location | Current Location | Shelving location | Date acquired | Full call number | Barcode | Date last seen | Price effective from | Koha item type | Public note |
|---|---|---|---|---|---|---|---|---|---|---|---|---|---|---|
| Military College of Signals (MCS) | Military College of Signals (MCS) | General Stacks | 12/12/2016 | 799.312,CHU | MCS21504 | 12/08/2016 | 12/12/2016 | Book | Almirah No. 56, Shelf No.1 |
